000 00835nam a2200289Ia 4500
003 OSt
005 20221006145715.0
006 a|||||r|||| 00| 0
007 ta
008 221006b |||||||| |||| 00| 0 eng d
020 _c
_40.25
024 _a15,714
037 _cTextual
040 _aEASL
_cEASL
_beng
041 _2eng
_aeng
082 _aX7.41.N12, M4
100 _aZELIN Madeleine
_9655044
245 0 _aMagistrates tael
_b Rationalizing fiscal reform in eighteenth century Ching China
260 _aBerkely
_bUniversity of California
_c1984
300 _a385p.
_ccm.
490 _v CEL
650 _a Finance Public - China - History
_9655045
650 _a Fiscal policy - China
_9655046
650 _aCEL
942 _hX7.41.N12, M4
_cTEXL
_2CC
999 _c1083800
_d1083800